A primer of Lebesgue integration /
Guardado en:
| Autor Principal: | |
|---|---|
| Formato: | Libro |
| Idioma: | English |
| Publicado: |
San Diego :
Academic Press,
c1995.
|
| Etiquetas: |
Agregar Etiqueta
Sin Etiquetas, Sea el primero en etiquetar este registro!
|
| LEADER | 00656nam a22001935a 4500 | ||
|---|---|---|---|
| 001 | MAT.inmabb000238 | ||
| 008 | 941109s1995####caua##########001#0#eng## | ||
| 005 | 20150316193127.0 | ||
| 245 | 1 | 2 | |a A primer of Lebesgue integration / |c H. S. Bear. |
| 260 | |a San Diego : |b Academic Press, |c c1995. | ||
| 300 | |a xi, 163 p. ; |c 24 cm. | ||
| 510 | 4 | |a MR, |c 96f:28001 | |
| 020 | |a 0120839709 | ||
| 100 | 1 | |a Bear, H. S. |q (Herbert Stanley) | |
| 084 | |a 28-01 (26-01) |2 msc2000 | ||
| 859 | |h 28 |i B368 |p A-7855 |b BIB. MATEMATICA | ||
| 859 | |h 28 |i B368 |p A-7856 |t Ej. 2 |b BIB. MATEMATICA | ||
| 859 | |h 28 |i B368 |p A-7939 |t Ej. 3 |b BIB. MATEMATICA | ||
| 859 | |h 28 |i B368 |p A-7940 |t Ej. 4 |b BIB. MATEMATICA | ||
